00938cam a22002651 4500952013000000999001700130001000800147003000400155005001700159008004100176010001700217035001900234040002600253042001200279050002200291082001700313100005000330245007900380260004900459300001900508500002800527504003200555906004500587942004000632 00102ddc40708ISLAMaMESbMEScISLd2019-02-20g600.00l0o297.2 WEN/Mp38070r2019-02-20 00:00:00w2019-02-20yBKzGL46R1 c23136d231367063533OSt20200512113539.0750815s1966 nyu 000 0 eng  a 66001494  a(OCoLC)1550743 aDLCcoclcdOCoLCdDLC apremarc00aBP166.1b.W4 1966 a297.2bWEN/M aWensinck, A Jq(Arent Jan),d1882-1939.9221614aThe Muslim creed :bits genesis and historical development /cA J Wensinck aNew York,bBarnes & Noblec[1965, i.e. 1966] a304 p.c21 cm. a"First published 1932." aBibliography: p. [281]-285. a7bcbccoclcrplduencipf19gy-gencatlg 2ddccBKh297.2iWEN/Mk297.2mWEN/M